Riziká obchodných vzťahov a spôsoby ich minimalizácie diplomová práca

Uložené v:
Podrobná bibliografia
Hlavný autor: Soboľ, Rudolf
Korporativný autor: Podnikovohospodárska fakulta EU so sídlom v Košiciach. Katedra účtovníctva a financií
Ďalší autori: Varcholová, Tatiana
Médium: Kniha
Jazyk:Slovak
Vydavateľské údaje: Košice 2009
Tagy: Pridať tag
Žiadne tagy, Buďte prvý, kto otaguje tento záznam!

MARC

LEADER 00000nam$a2200000$$$4500
001 0098708
005 20240320075412.5
041 0 |a slo 
044 |a SK 
245 1 0 |a Riziká obchodných vzťahov a spôsoby ich minimalizácie  |b diplomová práca  |c Rudolf Soboľ ; škol. Tatiana Varcholová 
264 1 |a Košice  |c 2009 
300 |a 63 s. 
100 1 |a Soboľ, Rudolf 
700 1 |a Varcholová, Tatiana 
710 2 |a Podnikovohospodárska fakulta EU so sídlom v Košiciach. Katedra účtovníctva a financií